000
00243nam a2200097Ia 4500
008
220204s9999 xx 000 0 und d
082
_a
339.1
_b
OPE
245
0
_a
Operating a trade information service
260
_a
UK
_b
Teemedia
_c
1975
942
_c
BK
999
_c
27539
_d
27539